000 00608nam a2200181Ia 4500
008 100920s9999 xx 000 0 und d
082 _b72868
_a28 व 891,464 थ 98
100 _aसाने गुरूजी.
245 _aसमाजधर्म.
260 _bइंद्रायणी साहित्य प्रकाशन पुणे 30.
_c1998
300 _a96
_bसाधी
365 _b50
520 _aबा.वि.निबंध.
630 _aसमाजधर्म.
650 _aबा.वि.निबंध.
730 _aसमाजधर्म.
942 _cBOOK
999 _c714602
_d714599